LEADER 00969nam a2200241 4500 001 000000367332 003 CaOOAMICUS 005 20260423145127.0 008 260420s2023 it a 000 u ita r 040 $aSeMil$bita 245 00$aCastelli e vigneti della Valle d'Aosta. 264 1$aMilano :$bCorriere della Sera,$c2023. 300 $a127 p. :$bill. ;$c22 cm 490 1 $aCamminare ;$v18 650 4$aValle d'Aosta - Castelli.$0(OLS)http://semarc/subject/32260 650 4$aValle d'Aosta - Vigneti.$0(OLS)http://semarc/subject/60087 830 0$aCamminare ;$v18.$0(OLS)http://semarc/title/459239 850 $aSeMil 852 $aSeMil$W1$xVenegono$y1$m4Y III 205$j270808$B258044$CSeMilBibl$Z2$F258044 $81 961 $aCaspani Maurizio - Lascito 996 $6245$aCastelli e vigneti della Valle d'Aosta$9(OLS)http://semarc/title/459238 996 $6264$aMilano :$bCorriere della Sera$9(OLS)http://semarc/publisher/33390